[Event "ch-USA w 2025"]
[Site "Saint Louis USA"]
[Date "2025.10.23"]
[Round "10.6"]
[White "Paragua, Megan Althea"]
[Black "Cervantes Landeiro, Thalia"]
[Result "1/2-1/2"]
[WhiteTitle "FM"]
[BlackTitle "FM"]
[WhiteElo "2259"]
[BlackElo "2311"]
[WhiteFideId "30973007"]
[BlackFideId "3520498"]
[EventDate "2025.10.12"]

1. e4 c5 2. Nf3 Nc6 3. Bb5 g6 4. O-O Bg7 5. Re1 e5 6. c3 Nge7 7. Na3 O-O 8. Nc4
d6 9. Ne3 a6 10. Bf1 b5 11. a4 Rb8 12. axb5 axb5 13. Nc2 f5 14. exf5 gxf5 15. d4
e4 16. Ng5 cxd4 17. Nxd4 Nxd4 18. cxd4 h6 19. Nh3 Nd5 20. Nf4 Nxf4 21. Bxf4 Be6
22. Qd2 Rf6 23. d5 Bf7 24. Ra7 Bh5 25. Rc1 Rg6 26. Rc6 Ra8 27. Rxa8 Qxa8 28.
Rxd6 Rxd6 29. Bxd6 Bf7 30. Bf4 Qxd5 31. Qxd5 Bxd5 32. Bxb5 Bxb2 33. Bd7 Kg7 34.
Bxf5 Bc3 35. Be3 Be5 36. h3 Bc3 37. Bf4 Bc6 38. Kh2 Bd4 39. Kg3 Kf6 40. Bg4 Kg6
41. h4 h5 42. Bc8 Bc5 43. Be3 Bd6+ 44. Kh3 Bb5 45. Bd4 Bc7 46. g3 Be2 47. Kg2
Bf3+ 48. Kf1 Ba5 49. Bh3 Bb4 50. Kg1 Ba5 51. Bf1 Bb4 52. Bb5 Bd6 53. Be8+ Kf5
54. Kh2 Bc7 55. Ba7 Bd6 56. Bb5 Kg6 57. Kg1 Kf5 58. Kf1 Bb4 59. Bd4 Ba5 60. Kg1
Bc7 61. Bf1 Bd6 62. Kh2 Kg6 63. Be3 Kf5 64. Bh3+ Bg4 65. Bf1 Bf3 66. Ba6 Kg6 67.
Bb5 Kf5 68. Ba4 Kg6 69. Bc2 Kf5 70. Bb1 Bc7 71. Bg5 Bb6 72. Kg1 Bc5 73. Ba2 Bb6
74. Bg8 Kg6 75. Bd5 Kf5 76. Bc6 Bc5 77. Kf1 Bb4 78. Bd8 Bc3 79. Bd7+ Kg6 80.
Be8+ Kf5 81. Bc6 Bb4 82. g4+ Bxg4 83. Bg5 1/2-1/2

[Event "ch-USA w 2025"]
[Site "Saint Louis USA"]
[Date "2025.10.24"]
[Round "11.1"]
[White "Paikidze, Nazi"]
[Black "Atwell, Rose"]
[Result "1/2-1/2"]
[WhiteTitle "IM"]
[BlackTitle "FM"]
[WhiteElo "2297"]
[BlackElo "2353"]
[WhiteFideId "13603620"]
[BlackFideId "30951011"]
[EventDate "2025.10.12"]

1. d4 d5 2. c4 e6 3. Nc3 Be7 4. g3 Nf6 5. Bg2 O-O 6. Nf3 c6 7. O-O Nbd7 8. Nd2
b6 9. cxd5 exd5 10. e4 dxe4 11. Ndxe4 Bb7 12. Qb3 Nxe4 13. Nxe4 Nf6 14. Rd1 Qd7
15. Nxf6+ Bxf6 16. Be3 Rfd8 17. a4 Qc7 18. Rac1 Qd7 19. a5 bxa5 20. Rc5 Qc7 21.
d5 Qb6 22. Qc2 cxd5 23. Rc7 Qb5 24. Bf1 Qb4 25. Bc5 Qg4 26. Rxb7 Rac8 27. Rb5
Be7 28. Rc1 d4 29. Qd2 Bg5 30. f4 Bf6 31. Bd3 h5 32. Re1 h4 33. Qe2 Qd7 34. Rxa5
Re8 35. Qf2 Re3 36. Rxe3 dxe3 37. Qxe3 Bxb2 38. Qe4 Rxc5 39. Rxc5 Bd4+ 40. Kg2
h3+ 41. Kf3 Bxc5 42. Qa8+ Bf8 43. Qe4 g6 44. f5 gxf5 45. Qxf5 Qxf5+ 46. Bxf5 a5
47. Bxh3 a4 48. Bf5 a3 49. Bb1 Kg7 50. Ba2 f5 51. g4 fxg4+ 52. Kxg4 Kf6 53. h4
Ke5 54. h5 Bh6 55. Bg8 Kd4 56. Kf5 Kc3 57. Kg6 Bd2 58. h6 Bxh6 59. Kxh6 a2 60.
Bxa2 1/2-1/2

[Event "ch-USA w 2025"]
[Site "Saint Louis USA"]
[Date "2025.10.24"]
[Round "11.2"]
[White "Pourkashiyan, Atousa"]
[Black "Paragua, Megan Althea"]
[Result "0-1"]
[WhiteTitle "WGM"]
[BlackTitle "FM"]
[WhiteElo "2291"]
[BlackElo "2259"]
[WhiteFideId "12502014"]
[BlackFideId "30973007"]
[EventDate "2025.10.12"]

1. e4 c5 2. Nf3 e6 3. d4 cxd4 4. Nxd4 Nf6 5. Nc3 Nc6 6. a3 d6 7. Be3 Be7 8. Qe2
e5 9. Nf3 Be6 10. O-O-O Rc8 11. Bg5 O-O 12. Qd2 Ne8 13. h4 a6 14. Bd3 f6 15. Be3
Na5 16. Kb1 b5 17. h5 Nc4 18. Bxc4 Rxc4 19. Qd3 f5 20. exf5 Rxf5 21. Nd2 Rg4 22.
Nde4 Qa8 23. f3 Rxg2 24. Qf1 Rg4 25. Qh3 Rh4 26. Qg2 Rxh1 27. Rxh1 d5 28. Ng5
Bxg5 29. Bxg5 Qc6 30. h6 g6 31. Re1 Nd6 32. f4 Nf7 33. Qg1 Nxg5 34. fxg5 Qc7 35.
Qg3 Kf7 36. Nd1 d4 37. Nf2 Bc4 38. Ng4 Ke6 39. Nf6 Qb7 40. Ne8 Kd7 41. Ng7 Rf4
42. b3 Bf7 43. Rxe5 Qf3 44. Qh2 Bxb3 45. Re1 Bd5 46. Ne8 Qxa3 47. Nf6+ Rxf6 48.
gxf6 Qb4+ 49. Kc1 Qxe1+ 50. Kb2 Qb4+ 51. Kc1 Qa3+ 52. Kd1 Qe3 0-1

[Event "ch-USA w 2025"]
[Site "Saint Louis USA"]
[Date "2025.10.24"]
[Round "11.3"]
[White "Lee, Alice"]
[Black "Sargsyan, Anna M."]
[Result "0-1"]
[WhiteTitle "IM"]
[BlackTitle "IM"]
[WhiteElo "2409"]
[BlackElo "2369"]
[WhiteFideId "30941822"]
[BlackFideId "13308130"]
[EventDate "2025.10.12"]

1. Nf3 d5 2. d4 e6 3. c4 Nf6 4. Nc3 Bb4 5. Qa4+ Nc6 6. e3 O-O 7. Bd2 a6 8. Qc2
dxc4 9. Bxc4 Bd6 10. O-O e5 11. dxe5 Nxe5 12. Nxe5 Bxe5 13. f4 Bd6 14. Bd3 h6
15. Ne4 Nxe4 16. Bxe4 Re8 17. Bf3 Qe7 18. Rac1 Rb8 19. e4 b6 20. e5 Bc5+ 21. Kh1
Bd7 22. Rfd1 Rbd8 23. b4 Bd4 24. Bc6 Qe6 25. Bxd7 Rxd7 26. f5 Qd5 27. Bf4 c5 28.
f6 Qe6 29. bxc5 bxc5 30. fxg7 Rb7 31. Qe4 Rb2 32. h3 Reb8 33. Be3 Re2 34. Re1
Bxe3 35. Rf1 Rbb2 36. Rf6 Qxh3+ 0-1

[Event "ch-USA w 2025"]
[Site "Saint Louis USA"]
[Date "2025.10.24"]
[Round "11.4"]
[White "Cervantes Landeiro, Thalia"]
[Black "Yip, Carissa"]
[Result "0-1"]
[WhiteTitle "FM"]
[BlackTitle "IM"]
[WhiteElo "2311"]
[BlackElo "2452"]
[WhiteFideId "3520498"]
[BlackFideId "2090732"]
[EventDate "2025.10.12"]

1. d4 d6 2. c4 e5 3. d5 Nd7 4. Nc3 a5 5. e4 Nc5 6. Be3 b6 7. Bd3 Nxd3+ 8. Qxd3
Nf6 9. f3 g6 10. Nge2 Nd7 11. O-O Nc5 12. Qc2 f5 13. f4 Bg7 14. fxe5 Bxe5 15.
Nd4 O-O 16. Nc6 Qe8 17. Nb5 Rf7 18. Nxe5 Qxe5 19. Bd4 Qxe4 20. Qd2 Ba6 21. Rad1
Bxb5 22. Rfe1 Qd3 23. cxb5 Qxd2 24. Rxd2 Ne4 25. Rc2 a4 26. Rec1 Nc5 27. Bxc5
dxc5 28. Re1 Rd7 29. Re6 Ra5 30. Rc6 Rxb5 31. h4 Rb4 32. h5 Kf7 33. hxg6+ hxg6
34. Re2 Re4 35. Kf2 Rxe2+ 36. Kxe2 g5 37. a3 Ke7 38. d6+ cxd6 39. Rxb6 Ra7 40.
Kd3 Ke6 41. Rb8 Ke5 42. g3 Rh7 43. Re8+ Kf6 44. Rf8+ Ke6 45. Rg8 Rh2 46. Rg6+
Ke5 47. Rxg5 Kf6 48. Rg8 Rxb2 49. Ke3 Rb3+ 50. Kf4 Rxa3 51. Rf8+ Ke6 52. Re8+
Kd5 53. Rf8 Ra1 54. Ra8 c4 55. Kxf5 c3 0-1

[Event "ch-USA w 2025"]
[Site "Saint Louis USA"]
[Date "2025.10.24"]
[Round "11.5"]
[White "Zatonskih, Anna"]
[Black "Krush, Irina"]
[Result "1/2-1/2"]
[WhiteTitle "IM"]
[BlackTitle "GM"]
[WhiteElo "2310"]
[BlackElo "2388"]
[WhiteFideId "14101572"]
[BlackFideId "2012782"]
[EventDate "2025.10.12"]

1. d4 Nf6 2. c4 g6 3. Nf3 Bg7 4. g3 O-O 5. Bg2 d6 6. O-O c5 7. Nc3 Nc6 8. h3
cxd4 9. Nxd4 Bd7 10. Nxc6 bxc6 11. Qd3 Rb8 12. Rb1 c5 13. b3 a5 14. Bb2 Qc8 15.
Kh2 Qa6 16. Qc2 a4 17. Nxa4 Bxa4 18. Bxf6 Bxb3 19. Rxb3 Bxf6 20. Rfb1 Rxb3 21.
Qxb3 Qa5 22. a4 Qd2 23. Bf3 h5 24. Kg2 h4 25. Qd3 Qa2 26. Qb3 Qd2 27. Qd3 Qa2
28. Qb3 Qd2 1/2-1/2

[Event "ch-USA w 2025"]
[Site "Saint Louis USA"]
[Date "2025.10.24"]
[Round "11.6"]
[White "Abrahamyan, Tatev"]
[Black "Yu, Jennifer"]
[Result "1/2-1/2"]
[WhiteTitle "IM"]
[BlackTitle "FM"]
[WhiteElo "2407"]
[BlackElo "2256"]
[WhiteFideId "13301918"]
[BlackFideId "2078341"]
[EventDate "2025.10.12"]

1. e4 e5 2. Nc3 Nf6 3. g3 Bc5 4. Bg2 O-O 5. Nge2 Re8 6. O-O Nc6 7. d3 a6 8. h3
d6 9. Kh2 b5 10. f4 b4 11. Na4 Ba7 12. f5 h6 13. g4 Bd7 14. c3 a5 15. a3 Rb8 16.
axb4 axb4 17. Ng1 Nh7 18. Nf3 Ng5 19. Nxg5 hxg5 20. h4 f6 21. hxg5 fxg5 22. Kg3
Qf6 23. Rh1 Nd8 24. cxb4 Bd4 25. Nc3 c6 26. Ne2 Rxb4 27. Nxd4 exd4 28. Qd2 Rb3
29. Ra7 Nb7 30. Qxg5 Rxd3+ 31. Kf2 Qxg5 32. Bxg5 Rb3 33. Bc1 Nc5 34. Rd1 Bc8 35.
e5 d5 36. f6 gxf6 37. exf6 Bb7 38. Rxd4 Kf7 39. g5 Kg6 40. Rd1 Re5 41. Ra3 Rxa3
42. bxa3 Ne6 43. Rg1 Nxg5 44. Bxg5 Rxg5 45. Bxd5 Rxg1 46. Be4+ Kxf6 47. Kxg1 Ke5
48. Bxc6 Bxc6 49. a4 Bxa4 1/2-1/2